Definition of the economic microareas of the Southern part of the Great Hungarian Plain

Elmentve itt :
Bibliográfiai részletek
Szerző: Krajkó Gyula
Dokumentumtípus: Cikk
Megjelent: 1973
Sorozat:Acta Universitatis Szegediensis : acta geographica 13
Kulcsszavak:Földrajztudomány
Online Access:http://acta.bibl.u-szeged.hu/3137
LEADER 00666nab a2200181 i 4500
001 acta3137
005 20210603143221.0
008 161015s1973 hu o 0|| eng d
022 |a 0324-5268 
040 |a SZTE Egyetemi Kiadványok Repozitórium  |b hun 
041 |a eng 
100 1 |a Krajkó Gyula 
245 1 0 |a Definition of the economic microareas of the Southern part of the Great Hungarian Plain  |h [elektronikus dokumentum] /  |c  Krajkó Gyula 
260 |c 1973 
300 |a 51-90 
490 0 |a Acta Universitatis Szegediensis : acta geographica  |v 13 
695 |a Földrajztudomány 
856 4 0 |u http://acta.bibl.u-szeged.hu/3137/1/geographica_013_051-090.pdf  |z Dokumentum-elérés